MDQL
is popping MORE tags! Check the
thread
!
Quizzes
Events
Quiz Creation
Community
Videos
Private Events
Remove Ads
Sign In
Join for FREE
Feedback
Dark Mode
Quiz Categories
Sports
Geography
Music
Movies
Television
Just For Fun
Miscellaneous
History
Literature
Language
Science
Gaming
Entertainment
Religion
Holiday
For Kids
Quiz Lab
Recent
Popular Today
Quiz Kudos Today
Editor Picks
Curator Picks
Quizzes by...
Day
Popularity
Type
Ratings
Length
Year
Community
Subscriptions
Recent Discussions
Orange Saloon
Badges
Playlists
Quests
Create
Leaderboards
Showdown
Live 5
Trivia Bingo
Activity
Puzzle Library
Sporcle Events
Private Events
Virtual Trivia
Globe League
Become a Host
Pub Owners
SporcleCon
Opinionation
Our Games
Videos
Blog
Mobile Apps
Partnerships
Remove Ads and Go Orange
Feedback
Television
TV Characters
TV Show
Sitcom
Network
Friends
Reality Shows
Cast
South Park
Star Trek
The Simpsons
Doctor Who
Television
TV Characters
TV Show
Sitcom
Network
Friends
Reality Shows
Cast
South Park
Star Trek
The Simpsons
Doctor Who
Random Quiz
Search Sporcle
×
Quiz Lab
Quiz Lab
Television
Disney
Type in answers that appear in a list
Type in answers that appear in a list
Classic
Best Score? Go Orange.
Cartoon Settings Stats
Can you name the cartoon settings?
By
DJOuterCore
6m
31 Questions
223 Plays
223 Plays
223 Plays
Comments
Comments
Give Quiz Kudos
Give Quiz Kudos
-
- Ratings
hide this ad
More Info
Replay
Link that replays current quiz
Next Quiz
Link to next quiz in quiz playlist
You Got
0%
They Got
Avg Score
25%
Avg Friend Score
Upgrade to see
Score Distribution
Jump to the score distribution portion of the page
Score
0/31
Timer
06:00
0
Plays Today
Show
Setting
% Correct
The Simpsons
Springfield
77.6%
The Flinstones
Bedrock
70.4%
Family Guy
Quahog
64.6%
South Park
South Park
64.6%
Spongebob Squarepants
Bikini Bottom
63.2%
The Powerpuff Girls
Townsville
44.4%
Futurama
New New York
39%
The Yogi Bear Show
Jellystone Park
38.1%
King of the Hill
Arlen
38.1%
Fairly Oddparents
Dimmsdale
34.1%
The Adventures of Jimmy Neutron: Boy Genius
Retroville
31.8%
Courage the Cowardly Dog
Nowhere
31.8%
The Cleveland Show
Stoolbend
30.9%
Arthur
Elwood City
25.4%
Doug
Bluffington
24.2%
The Jetsons
Orbit City
20.6%
Show
Setting
% Correct
American Dad!
Langley Falls
20.2%
CatDog
Nearburg
19.7%
Ed, Edd n Eddy
Peach Creek
19.7%
Rocket Power
Ocean Shores
15.5%
Camp Lazlo
Camp Kidney
14.3%
Kappa Mikey*
Japan
12.6%
Johnny Bravo
Aron City
11.7%
Angry Beavers
Wayouttatown
11.3%
Moral Orel
Moralton
9%
Hey Arnold!
Hillwood
8.5%
Class of 3000*
Atlanta
8.1%
Daria
Lawndale
7%
Popeye
Sweethaven
5.8%
Franklin
Woodland
4.2%
Mission Hill
Cosmopolis
2.8%
Quiz Playlist
Details
Report
Send in Message
Add To Playlist
More Info:
*Setting is a non-fictional place (actually exists).
Classic:
Type in answers that appear in a list
Last Updated: Feb 16, 2017
Quiz Scoreboard
CHALLENGE
Sign Up to Join the Scoreboard
Show All
Scores
Hide
Comments
May contain spoilers
Recently Published
Image Sorting: Flags VI
by Barbecue
Geography
2m
Find the 'City' Movie
by crazypaving
Movies
60s
Colored Red Africa Blitz
by spor1
Geography
45s
More to Explore
Quiz From the Vault
Featured Blog Post
14 Easter Pick-up Lines to Find Eggs With
hide this ad
You Might Also Like...
Tags
Cartoons Quiz
Disney Quiz
Cartoon Cartoon
Cartoon Network
childhood
fictional
location
Nickelodeon
Setting
Town
Today's Top Quizzes in Television
Browse Television
hide this ad
Today's Top Quizzes in Disney
Browse Disney
Top Contributed Quizzes in Television
1
Survivor Journey Challenge
2
Brooklyn Nine Nine Logic Puzzle (How-To-Play)
3
Total Drama Characters
4
Adjectives in 00s TV Shows
5
Phoebe Buffay Quotes
6
Survivor Heroes vs. Villains Logic Puzzle
7
Survivor Trivia
8
Emmerdale Characters (from August 2012)
9
Game of Thrones: Tywin Lannister Start to Finish
10
Survivor Logic Puzzle: Heroes vs. Villains
Explore More
Trending Topics
Anime
Crossword
Marvel
Kpop
NBA
Harry Potter
Disney
Soccer
WWE
NFL
Song
Pokémon
Puzzle
The Office
Country
hide this ad
More By:
DJOuterCore
Quiz
Plays
Rating
Category
Featured
Created
Electronic Music Sub-Genres
1,479
2.83
Music
May 22, 2013
Teddy Roosevelt True or False
670
5.00
History
Feb 19, 2014
Cartoon Settings
223
5.00
Television
Apr 18, 2013
Sporcle's Favorite Things
101
2.50
Miscellaneous
Nov 21, 2013
Names of Artist's Radio Shows
73
5.00
Music
Apr 29, 2014
Go to Creator's Profile
Score Distribution
Quiz Creator Spotlight
DJOuterCore
Follow
Send a Message
Quizzes Created
-
Created Quiz Play Count
-
More By This Creator
Popular Quizzes Today
1
Colored Red Africa Blitz
2
Find the US States - No Outlines Minefield
3
Find the 'City' Movie
4
5x2 Blitz: Bands
5
The Countries of the World
6
Find the US States
7
Find the Countries of Europe - No Outlines Minefield
8
US States
More Television Quizzes
Click the CNN Hosts
Curator's Pick
Trending Quizzes
Colored Red Europe Blitz I
Colored Red Europe Blitz II
Colored Red Africa Blitz II
Colored Red Europe Blitz III
Colored Red Africa Blitz III
Recently Updated
How Do You Spell That?
pecheneg
Godzilla Movies
pecheneg
Grab Bag: 4-10 Letters
pecheneg
2024 March Madness Bracket
pecheneg
Famous TV Couples
Peacemaker
Champions League XIs: Real Madrid
pecheneg
Largest US Cities 1790-2010
pecheneg
Rides in Walt Disney World
pecheneg
Most Oscar Losses (Acting)
pecheneg
Beyoncé Albums
pecheneg
Trending Topics
Kpop
Marvel
Anime
Harry Potter
NBA
Crossword
Disney
Soccer
The Office
Puzzle
NFL
WWE
Pokémon
Country
Song
Your Account Isn't Verified!
In order to create a playlist on Sporcle, you need to verify the email address you used during registration. Go to your
Sporcle Settings
to finish the process.
Report this User
Report this user for behavior that violates our
Community Guidelines
.
Details:
Send Report
Go to the Sporcle.com Mobile Site →
Comments